Main trends in economics (Record no. 22655)
[ view plain ]
| 000 -LEADER | |
|---|---|
| fixed length control field | 00349nam a2200133 4500 |
| 020 ## - INTERNATIONAL STANDARD BOOK NUMBER | |
| ISBN | 0043302254 |
| 082 ## - DEWEY DECIMAL CLASSIFICATION NUMBER | |
| Classification number | 330.072 |
| Item number | SAC |
| 245 ## - TITLE STATEMENT | |
| Title | Main trends in economics |
| Statement of responsibility, etc | edited by I. Sachs |
| 260 ## - PUBLICATION, DISTRIBUTION, ETC. (IMPRINT) | |
| Place of publication | London |
| Name of publisher | George Allen & Unwin |
| Year of publication | 1973 |
| 300 ## - PHYSICAL DESCRIPTION | |
| Number of Pages | 79p.; 22cm.- |
| 490 ## - SERIES STATEMENT | |
| Series statement | Main trends in the social sciences |
| 710 ## - ADDED ENTRY--CORPORATE NAME | |
| Corporate name or jurisdiction name as entry element | Sachs, I. |
| Withdrawn status | Lost status | Damaged status | Collection code | Home library | Current library | Shelving location | Date acquired | Full call number | Accession Number | Koha item type |
|---|---|---|---|---|---|---|---|---|---|---|
| ECONOMICS | North Eastern Hill University | North Eastern Hill University | General Stacks | 24/11/2011 | 330.072 SAC | 31912 | Books | |||
| ECONOMICS | North Eastern Hill University | North Eastern Hill University | General Stacks | 24/11/2011 | 330.072 SAC | 34321 | Books |
